|
|
|
|
| LEADER |
00000cam a2200000 ca4500 |
| 001 |
1172229368 |
| 003 |
DE-627 |
| 005 |
20220612121400.0 |
| 007 |
tu |
| 008 |
021129n20uuuuuuxx ||||| 00| ||eng c |
| 035 |
|
|
|a (DE-627)1172229368
|
| 035 |
|
|
|a (DE-576)102229368
|
| 035 |
|
|
|a (DE-599)BSZ102229368
|
| 040 |
|
|
|a DE-627
|b ger
|c DE-627
|e rakwb
|
| 041 |
|
|
|a eng
|
| 084 |
|
|
|a 1
|2 ssgn
|
| 100 |
1 |
|
|0 (DE-588)135550416
|0 (DE-627)567060543
|0 (DE-576)164427163
|4 aut
|a Dorrien, Gary J.
|d 1952-
|
| 109 |
|
|
|a Dorrien, Gary J. 1952-
|a Dorrien, Gary 1952-
|
| 190 |
|
|
|j 2001
|
| 245 |
1 |
4 |
|a The making of American liberal theology
|c Gary Dorrien
|
| 264 |
|
1 |
|a Louisville, Ky.
|a London
|b Westminster John Knox Press
|c 20XX-
|
| 336 |
|
|
|a Text
|b txt
|2 rdacontent
|
| 337 |
|
|
|a ohne Hilfsmittel zu benutzen
|b n
|2 rdamedia
|
| 338 |
|
|
|a Band
|b nc
|2 rdacarrier
|
| 601 |
|
|
|a Theologe
|
| 689 |
0 |
0 |
|d g
|0 (DE-588)4078704-7
|0 (DE-627)106076612
|0 (DE-576)209209682
|2 gnd
|a USA
|
| 689 |
0 |
1 |
|d s
|0 (DE-588)4167552-6
|0 (DE-627)104465158
|0 (DE-576)209909536
|2 gnd
|a Liberale Theologie
|
| 689 |
0 |
2 |
|q z
|2 gnd
|a Geschichte
|
| 689 |
0 |
|
|5 (DE-627)
|
| 935 |
|
|
|a mteo
|
| 951 |
|
|
|a MC
|
| ELC |
|
|
|b 1
|
| ITA |
|
|
|a 1
|t 1
|
| LOK |
|
|
|0 000 xxxxxcx a22 zn 4500
|
| LOK |
|
|
|0 001 2420327292
|
| LOK |
|
|
|0 003 DE-627
|
| LOK |
|
|
|0 004 1172229368
|
| LOK |
|
|
|0 005 20031120000000
|
| LOK |
|
|
|0 008 021129||||||||||||||||ger|||||||
|
| LOK |
|
|
|0 040
|a DE-21
|c DE-627
|d DE-21
|
| LOK |
|
|
|0 852
|a DE-21
|
| LOK |
|
|
|0 852 1
|c 42 A 11160
|9 00
|
| LOK |
|
|
|0 935
|a theo
|
| LOK |
|
|
|0 936ln
|a t4.13
|
| LOK |
|
|
|0 939
|a 2002-11-29
|b l01
|
| ORI |
|
|
|a TA-MARC-ixtheob001.raw
|
| REF |
|
|
|a Theologiegeschichte
|
| REL |
|
|
|a 1
|
| SPR |
|
|
|a 1
|t IXT
|t REL
|
| STA |
0 |
0 |
|a History,History,History in art,Liberal theology,USA,USA,Middle West,USA,USA,USA,USA,USA,America,Confederate States of America,Midwest
|
| STB |
0 |
0 |
|a Histoire,Histoire,Histoire,Théologie libérale
|
| STC |
0 |
0 |
|a Historia,Historia,Historia,Teología liberal
|
| STD |
0 |
0 |
|a Storia,Storia,Teologia liberale
|
| STE |
0 |
0 |
|a 历史,史,自由主义神学
|
| STF |
0 |
0 |
|a 歷史,史,自由主義神學
|
| STG |
0 |
0 |
|a História,História,Teologia liberal
|
| STH |
0 |
0 |
|a История (мотив),История,Либеральное богословие
|
| STI |
0 |
0 |
|a Ιστορία (μοτίβο),Ιστορία,Φιλελεύθερη θεολογία
|
| SUB |
|
|
|a REL
|
| SYG |
0 |
0 |
|a United States,United States of America,Vereinigte Staaten,Vereinigte Staaten von Amerika , United States of America,Vereinigte Staaten von Amerika,Amerika <USA>,United States of America,Vereinigte Staaten von Amerika,Amerika <USA>,USA,USA,Nord,Nördliche Vereinigte Staaten,Nordwestamerika,USA,Nordwest,Pazifischer Nordwesten,Mittlerer Westen,USA,Middle West,Mittelwesten,Midwest,USA,Nordost,Nordöstliche Vereinigte Staaten,USA,Südost,Südöstliche Vereinigte Staaten,USA,Ost,Östliche Vereinigte Staaten,Südwestliche USA,USA,Südweststaaten,Südwestliche Vereinigte Staaten,USA,Südwest,USA,West,Westliche Vereinigte Staaten,Nordamerikanische Südstaaten,Konföderierte Staaten von Amerika,Confederate States of America,Südliche Vereinigte Staaten,Südatlantische Staaten,Südöstliche Staaten,United States of America,Vereinigte Staaten von Amerika,Nordamerika,Amerika,United States,United States of America,Etats Unis,Etats-Unis,Vereinigte Staaten,Estados Unidos de America,EEUU,Vereinigte Staaten von Nordamerika,Soedinennye Štaty Ameriki,SŠA,Stany Zjednoczone Ameryki Północnej,Hēnōmenai Politeiai tēs Boreiu Amerikēs,Hēnōmenes Politeies tēs Amerikēs,HēPA,Ēnōmenes Politeies tēs Amerikēs,ĒPA,Meiguo,Etats-Unis d'Amérique,US , History,Geschichtliche Epoche,Historical development,Historische Entwicklung,Landesgeschichte,Regionalgeschichte,Ortsgeschichte,Zeitgeschichte
|